| 000 | 00794cam a22002531 4500 | ||
|---|---|---|---|
| 001 | 6209 | ||
| 003 | BD-RjUL | ||
| 005 | 20211208234215.0 | ||
| 008 | 140109s1961 xx 000 0 eng | ||
| 035 | _a(BD-RjUL)6249 | ||
| 035 | _a(OCoLC)834617 | ||
| 040 |
_aDLC _cVtMiM _dDLC _dBD-RjUL _beng |
||
| 041 | _aeng | ||
| 082 |
_a382 _bHAF 1961 |
||
| 100 | 1 |
_aHansen, Bent, _d1920- _98777 |
|
| 245 | 1 | 0 |
_aForeign trade credits and exchange reserves; _ba contribution to the theory of international capital movements. _cBent Hansen |
| 260 |
_aAmsterdam : _bNorth-Holland Publishing Co., _c1961. |
||
| 300 |
_ax, 144 p. ; _c21 cm. |
||
| 650 | 0 |
_aBalance of trade. _96900 |
|
| 942 |
_2ddc _cBK |
||
| 999 |
_c6209 _d6209 |
||